علم المصطلحات الطبية عربي - انجليزي (Record no. 33533)
[ view plain ]
| 000 -LEADER | |
|---|---|
| fixed length control field | 00639nam a22001817a 4500 |
| 003 - CONTROL NUMBER IDENTIFIER | |
| control field | JO-AjAnu |
| 005 - DATE AND TIME OF LATEST TRANSACTION | |
| control field | 20240611100818.0 |
| 008 - FIXED-LENGTH DATA ELEMENTS--GENERAL INFORMATION | |
| fixed length control field | 240611b jo ||||| |||| 00| 0 ara d |
| 020 ## - INTERNATIONAL STANDARD BOOK NUMBER | |
| International Standard Book Number | 1-362-07-9957 |
| 040 ## - CATALOGING SOURCE | |
| Original cataloging agency | JO-AjAnu |
| Language of cataloging | ARA |
| Transcribing agency | JO-AjAnu |
| 041 ## - LANGUAGE CODE | |
| Language code of original | ara |
| 100 ## - MAIN ENTRY--PERSONAL NAME | |
| Personal name | العلوجي، صباح ناصر |
| Relator term | مؤلف |
| 9 (RLIN) | 65455 |
| 245 #0 - TITLE STATEMENT | |
| Title | علم المصطلحات الطبية عربي - انجليزي |
| Statement of responsibility, etc. | / صباح ناصر العلوجي |
| 260 ## - PUBLICATION, DISTRIBUTION, ETC. | |
| Place of publication, distribution, etc. | عمان: |
| Name of publisher, distributor, etc. | دار الفكر للطباعة والنشر والتوزيع، |
| Date of publication, distribution, etc. | 2003 |
| 300 ## - PHYSICAL DESCRIPTION | |
| Extent | 459 صفحه |
| 650 ## - SUBJECT ADDED ENTRY--TOPICAL TERM | |
| Form subdivision | الطب-معاجم-مصطلحات |
| 942 ## - ADDED ENTRY ELEMENTS (KOHA) | |
| Source of classification or shelving scheme | Library of Congress Classification |
| Koha item type | Reference |
| Suppress in OPAC | No |
| Withdrawn status | Lost status | Source of classification or shelving scheme | Damaged status | Not for loan | Home library | Current library | Date acquired | Total Checkouts | Full call number | Barcode | Date last seen | Price effective from | Koha item type |
|---|---|---|---|---|---|---|---|---|---|---|---|---|---|
| Library of Congress Classification | مكتبة جامعة عجلون الوطنية | مكتبة جامعة عجلون الوطنية | 11/06/2024 | R121.A4882.2003 | A29873 | 11/06/2024 | 11/06/2024 | Reference | |||||
| Library of Congress Classification | مكتبة جامعة عجلون الوطنية | مكتبة جامعة عجلون الوطنية | 11/06/2024 | R121.A4882.2003 | A29872 | 11/06/2024 | 11/06/2024 | Reference |